[Event "MCR_CF282"]
[Site "?"]
[Date "2003.??.??"]
[Round "?"]
[White "Fuka, Miroslav"]
[Black "Houdek, Vladimir"]
[Result "1/2-1/2"]
[WhiteElo "2012"]
[BlackElo "2183"]
[PlyCount "60"]
[EventDate "2003.??.??"]
[EventType "corr"]
[EventRounds "2"]
[SourceDate "2005.03.12"]

1. d4 d5 2. c4 dxc4 3. Nf3 Nf6 4. e3 e6 5. Bxc4 c5 6. O-O a6 7. Bb3 Nc6 8. Nc3
Be7 9. Qe2 cxd4 10. Rd1 O-O 11. Nxd4 Qc7 12. Nxc6 Qxc6 13. e4 b5 14. Bg5 Bb7
15. Rac1 Qe8 16. e5 Nd7 17. Ne4 Bxe4 18. Bxe7 Qxe7 19. Qxe4 Nc5 20. Qb4 Rac8
21. Rc3 Rc7 22. Bc2 Rfc8 23. Qg4 g6 24. Qb4 Rd8 25. Rc1 Rd5 26. Qf4 Qd8 27. Qe3
Nd7 28. Rxc7 Qxc7 29. Bb3 Rc5 30. Rxc5 Qxc5 1/2-1/2

[Event "MCR_CF282"]
[Site "?"]
[Date "2003.??.??"]
[Round "?"]
[White "Fuka, Miroslav"]
[Black "Kotrc, Michal"]
[Result "0-1"]
[WhiteElo "2012"]
[BlackElo "2095"]
[PlyCount "54"]
[EventDate "2003.??.??"]
[EventType "corr"]
[EventRounds "2"]
[SourceDate "2005.03.12"]

1. e4 c6 2. Nc3 d5 3. Nf3 Bg4 4. h3 Bxf3 5. Qxf3 Nf6 6. d3 e6 7. a3 Bc5 8. e5
Nfd7 9. Qf4 O-O 10. d4 Bb6 11. Bd3 c5 12. Qg3 f6 13. exf6 Qxf6 14. Bg5 Qf7 15.
Nb5 e5 16. O-O-O c4 17. Be2 a6 18. Nd6 Qe6 19. Nxb7 Qc6 20. Nc5 exd4 21. Nxd7
Nxd7 22. Be7 Bc7 23. Qh4 d3 24. Bf3 Bf4+ 25. Kb1 dxc2+ 26. Kxc2 Qg6+ 27. Kc3
Nb6 0-1

[Event "MCR_CF282"]
[Site "?"]
[Date "2003.??.??"]
[Round "?"]
[White "Fuka, Miroslav"]
[Black "Majstr, Jiri"]
[Result "0-1"]
[WhiteElo "2012"]
[BlackElo "1944"]
[PlyCount "74"]
[EventDate "2003.??.??"]
[EventType "corr"]
[EventRounds "2"]
[SourceDate "2005.03.12"]

1. e4 e5 2. f4 exf4 3. Bc4 Qh4+ 4. Kf1 d6 5. Nf3 Qh6 6. d4 Nf6 7. Nc3 c6 8. e5
Ng4 9. Qe1 d5 10. Bd3 Bb4 11. Kg1 O-O 12. Qh4 Qxh4 13. Nxh4 f6 14. exf6 Rxf6
15. h3 Nh6 16. Bd2 Bd6 17. Re1 Be6 18. Nf3 Nd7 19. Bxh7+ Kxh7 20. Rxe6 Rxe6 21.
Ng5+ Kg8 22. Nxe6 Nf5 23. Bxf4 Bxf4 24. Nxf4 Nxd4 25. Kf2 Rf8 26. Kg3 Nxc2 27.
Rc1 Ne3 28. Re1 Nf5+ 29. Kg4 d4 30. Nd1 c5 31. b3 b5 32. Ne6 Rf6 33. Nf4 c4 34.
Nd5 Rf7 35. bxc4 bxc4 36. Nb2 Nd6 37. Kg5 Rf5+ 0-1

[Event "MCR_CF282"]
[Site "?"]
[Date "2003.??.??"]
[Round "?"]
[White "Fuka, Miroslav"]
[Black "Mazal, Petr"]
[Result "0-1"]
[WhiteElo "2012"]
[BlackElo "2165"]
[PlyCount "62"]
[EventDate "2003.??.??"]
[EventType "corr"]
[EventRounds "2"]
[SourceDate "2005.03.12"]

1. e4 e5 2. Nf3 Nf6 3. Nxe5 d6 4. Nf3 Nxe4 5. d4 d5 6. Bd3 Be7 7. O-O Nc6 8. c4
Nb4 9. Be2 O-O 10. Nc3 Be6 11. Nxe4 dxe4 12. Ne1 f5 13. a3 Na6 14. Nc2 Qd6 15.
f3 Rad8 16. fxe4 fxe4 17. Be3 Rxf1+ 18. Qxf1 c5 19. Rd1 Rf8 20. Qe1 Qb6 21. d5
Bf5 22. b4 Nc7 23. Rb1 Na6 24. bxc5 Qg6 25. Rxb7 Bxc5 26. Bxc5 Nxc5 27. Rxa7
Qb6 28. Qa5 Qb1+ 29. Bf1 Qxc2 30. Qxc5 Qc1 31. Qd4 Bd7 0-1

[Event "MCR_CF282"]
[Site "?"]
[Date "2003.??.??"]
[Round "?"]
[White "Fuka, Miroslav"]
[Black "Splichal, Josef"]
[Result "1/2-1/2"]
[WhiteElo "2012"]
[BlackElo "2217"]
[PlyCount "78"]
[EventDate "2003.??.??"]
[EventType "corr"]
[EventRounds "2"]
[SourceDate "2005.03.12"]

1. d4 Nf6 2. c4 c5 3. dxc5 e6 4. g3 Bxc5 5. Bg2 O-O 6. Nf3 Nc6 7. O-O d5 8.
cxd5 exd5 9. Ne1 Bg4 10. Nd3 Bd4 11. Nc3 Re8 12. Nf4 Rc8 13. h3 Bf5 14. Ncxd5
Nxd5 15. Nxd5 Be4 16. Bxe4 Rxe4 17. Nf4 Qe8 18. e3 Be5 19. Nd3 Rd8 20. Qf3 Bc7
21. Rd1 Re6 22. Nf4 Rxd1+ 23. Qxd1 Bxf4 24. gxf4 Qe7 25. Kh2 Rd6 26. Qf3 Rd8
27. a3 Qc7 28. b4 Ne5 29. Qe2 Nc4 30. Ra2 a6 31. Rc2 b5 32. Qg4 Qe7 33. Bb2 f6
34. Bd4 Kh8 35. Qf5 Qd6 36. Rc3 Re8 37. Kg3 Qc6 38. Qh5 Qe6 39. Qg4 Qe4 1/2-1/2

[Event "MCR_CF282"]
[Site "?"]
[Date "2003.??.??"]
[Round "?"]
[White "Fuka, Miroslav"]
[Black "Struzka, Vlastimil"]
[Result "0-1"]
[WhiteElo "2012"]
[BlackElo "2186"]
[PlyCount "64"]
[EventDate "2003.??.??"]
[EventType "corr"]
[EventRounds "2"]
[SourceDate "2005.03.12"]

1. e4 c5 2. Nc3 Nc6 3. d3 Nf6 4. f4 d5 5. e5 d4 6. Ne4 Nd5 7. Be2 f5 8. Ng3 e6
9. Bf3 Be7 10. N1e2 O-O 11. O-O b6 12. c4 dxc3 13. bxc3 Bb7 14. Qb3 Qd7 15. Rb1
Rad8 16. Rd1 Na5 17. Qb2 Ba6 18. Nh1 Bh4 19. Nf2 Bxf2+ 20. Kxf2 Qa4 21. Ke1 Rf7
22. g4 fxg4 23. Bxg4 Nc7 24. d4 Bb7 25. Bh3 Be4 26. Ra1 Bf3 27. Rd3 Bxe2 28.
Kxe2 Qc4 29. Be3 Nd5 30. Qd2 Qb5 31. Kf3 Qc6 32. Kg3 c4 0-1

[Event "MCR_CF282"]
[Site "?"]
[Date "2003.??.??"]
[Round "?"]
[White "Fuka, Miroslav"]
[Black "Vladyka, Vaclav"]
[Result "1-0"]
[WhiteElo "2012"]
[BlackElo "2053"]
[PlyCount "81"]
[EventDate "2003.??.??"]
[EventType "corr"]
[EventRounds "2"]
[SourceDate "2005.03.12"]

1. d4 Nf6 2. c4 g6 3. g3 d5 4. Nc3 dxc4 5. Qa4+ Bd7 6. Qxc4 Bc6 7. f3 Bg7 8. e4
e6 9. Be3 O-O 10. Rd1 Qe7 11. Nge2 Nbd7 12. Bg2 Nb6 13. Qb3 Rad8 14. O-O Rd7
15. Nf4 Rfd8 16. Bh3 Ne8 17. d5 exd5 18. Bxd7 Rxd7 19. Bxb6 axb6 20. exd5 Bxc3
21. Qxc3 Bb5 22. Rfe1 Qd8 23. Rc1 Nd6 24. b3 Qg5 25. Re5 Qf6 26. Re3 Qg7 27.
Qxg7+ Kxg7 28. a4 Ba6 29. Rec3 Ne8 30. Rd1 Nf6 31. d6 cxd6 32. b4 b5 33. a5 h6
34. Nd5 Nxd5 35. Rxd5 Kf6 36. Re3 Rd8 37. Kf2 Rd7 38. Re8 g5 39. f4 gxf4 40.
gxf4 Kg7 41. Ke3 1-0

[Event "MCR_CF282"]
[Site "?"]
[Date "2003.??.??"]
[Round "?"]
[White "Houdek, Vladimir"]
[Black "Fuka, Miroslav"]
[Result "1/2-1/2"]
[WhiteElo "2183"]
[BlackElo "2012"]
[PlyCount "59"]
[EventDate "2003.??.??"]
[EventType "corr"]
[EventRounds "2"]
[SourceDate "2005.03.12"]

1. e4 c6 2. d4 d5 3. e5 Bf5 4. Nf3 e6 5. Be2 c5 6. O-O Nc6 7. c3 cxd4 8. Nxd4
Nge7 9. Nxf5 Nxf5 10. Bd3 g6 11. Qe2 h5 12. Nd2 Bg7 13. Nf3 Nh4 14. Nxh4 Qxh4
15. f4 O-O 16. Be3 a6 17. Qf2 Qxf2+ 18. Kxf2 g5 19. g3 f6 20. exf6 Rxf6 21. Ke2
gxf4 22. gxf4 Re8 23. Rf2 Bh6 24. Rg1+ Kf7 25. Ke1 Rg8 26. Rxg8 Kxg8 27. Be2 h4
28. Bg4 Kf7 29. h3 b5 30. Bd1 1/2-1/2

[Event "MCR_CF282"]
[Site "?"]
[Date "2003.??.??"]
[Round "?"]
[White "Houdek, Vladimir"]
[Black "Kotrc, Michal"]
[Result "0-1"]
[WhiteElo "2183"]
[BlackElo "2095"]
[PlyCount "60"]
[EventDate "2003.??.??"]
[EventType "corr"]
[EventRounds "2"]
[SourceDate "2005.03.12"]

1. e4 c6 2. d4 d5 3. e5 Bf5 4. Nf3 e6 5. Be2 Ne7 6. O-O c5 7. c3 Nd7 8. dxc5
Nc6 9. b4 Ndxe5 10. Nxe5 Nxe5 11. g4 Bxb1 12. Rxb1 Be7 13. Bf4 Bf6 14. Qa4+ Qd7
15. b5 h6 16. c4 O-O 17. Rfd1 d4 18. Qa3 Rfd8 19. Rb3 Ng6 20. Bg3 Be7 21. Bf3
Qc8 22. Bd6 Bxd6 23. cxd6 e5 24. c5 e4 25. Bg2 Nf4 26. h3 Qe6 27. Bf1 Qe5 28.
Re1 Qd5 29. Rd1 d3 30. Qa4 Ne6 0-1

[Event "MCR_CF282"]
[Site "?"]
[Date "2003.??.??"]
[Round "?"]
[White "Houdek, Vladimir"]
[Black "Majstr, Jiri"]
[Result "0-1"]
[WhiteElo "2183"]
[BlackElo "1944"]
[PlyCount "36"]
[EventDate "2003.??.??"]
[EventType "corr"]
[EventRounds "2"]
[SourceDate "2005.03.12"]

1. e4 c6 2. d4 d5 3. e5 Bf5 4. Nf3 e6 5. Be2 c5 6. O-O Nc6 7. c3 cxd4 8. Nxd4
Nxd4 9. Qxd4 Ne7 10. Be3 Nc6 11. Qa4 Qc7 12. f4 g5 13. g4 gxf4 14. Qxf4 Rg8 15.
Kf2 Bg6 16. Bd4 Bg7 17. Bb5 f6 18. Bc5 O-O-O 0-1

[Event "MCR_CF282"]
[Site "?"]
[Date "2003.??.??"]
[Round "?"]
[White "Houdek, Vladimir"]
[Black "Mazal, Petr"]
[Result "1/2-1/2"]
[WhiteElo "2183"]
[BlackElo "2165"]
[PlyCount "117"]
[EventDate "2003.??.??"]
[EventType "corr"]
[EventRounds "2"]
[SourceDate "2005.03.12"]

1. e4 e5 2. Nf3 Nc6 3. Bb5 a6 4. Ba4 Nf6 5. d3 d6 6. c3 g6 7. h3 Bg7 8. Bg5 O-O
9. Nbd2 h6 10. Be3 Qe7 11. b4 Qd7 12. O-O b5 13. Bb3 a5 14. a4 bxa4 15. Bxa4
axb4 16. cxb4 Bb7 17. Nc4 Qe6 18. b5 Nd4 19. Bxd4 exd4 20. Ncd2 d5 21. e5 Nd7
22. Re1 Qb6 23. Qc2 Rfe8 24. Rec1 Rac8 25. Nb3 Nxe5 26. Nxe5 Bxe5 27. Nc5 Bf4
28. Rcb1 Ba8 29. g3 Bg5 30. h4 Be7 31. Nd7 Qe6 32. b6 cxb6 33. Qd2 b5 34. Bxb5
Bc6 35. Bxc6 Rxc6 36. Rb7 Bd6 37. Qb2 Bc7 38. Nb8 Rc3 39. Na6 Bd6 40. Rb6 Qe5
41. Qb1 Bf8 42. Rb8 Rxb8 43. Qxb8 Qe2 44. Nc7 Rc2 45. Rf1 Qe5 46. Na6 Qf5 47.
Nc7 Qd7 48. Na8 Qe6 49. Qd8 Rc3 50. Nb6 Kg7 51. Ra1 Be7 52. Qe8 Rxd3 53. Ra8
Rd1+ 54. Kh2 Kf6 55. Qb8 Bd6 56. Nxd5+ Qxd5 57. Qh8+ Kf5 58. Qc8+ Qe6 59. Qc2+
1/2-1/2

[Event "MCR_CF282"]
[Site "?"]
[Date "2003.??.??"]
[Round "?"]
[White "Houdek, Vladimir"]
[Black "Splichal, Josef"]
[Result "0-1"]
[WhiteElo "2183"]
[BlackElo "2217"]
[PlyCount "84"]
[EventDate "2003.??.??"]
[EventType "corr"]
[EventRounds "2"]
[SourceDate "2005.03.12"]

1. e4 c5 2. Nf3 e6 3. d4 cxd4 4. Nxd4 a6 5. Bd3 Bc5 6. Nb3 Ba7 7. Nc3 Nc6 8.
O-O Nge7 9. Qe2 O-O 10. Be3 Bxe3 11. Qxe3 d5 12. exd5 exd5 13. Rfe1 Be6 14.
Rad1 Qc7 15. Ne2 Rae8 16. Ned4 Ng6 17. Bxg6 hxg6 18. Qg5 Nxd4 19. Nxd4 Qb6 20.
b3 Qc5 21. c4 b5 22. cxd5 Bxd5 23. Ne2 Qc2 24. Rd2 Re5 25. Rxc2 Rxg5 26. Nf4
Rf5 27. Nxd5 Rxd5 28. g3 Rfd8 29. Ree2 Kf8 30. Kg2 Rd3 31. h4 R3d5 32. Rc7 R5d7
33. Rxd7 Rxd7 34. Kf3 Rd4 35. Rc2 Ke7 36. Rc7+ Ke6 37. Ke3 Rd6 38. g4 Rd1 39.
f3 Rd6 40. Ke4 Rd1 41. Rc6+ Rd6 42. Rxd6+ Kxd6 0-1

[Event "MCR_CF282"]
[Site "?"]
[Date "2003.??.??"]
[Round "?"]
[White "Houdek, Vladimir"]
[Black "Struzka, Vlastimil"]
[Result "1-0"]
[WhiteElo "2183"]
[BlackElo "2186"]
[PlyCount "55"]
[EventDate "2003.??.??"]
[EventType "corr"]
[EventRounds "2"]
[SourceDate "2005.03.12"]

1. e4 e5 2. Nf3 Nc6 3. Bb5 a6 4. Ba4 Bc5 5. c3 Nf6 6. d4 exd4 7. e5 Nd5 8. O-O
Be7 9. cxd4 d6 10. Qb3 b5 11. Qxd5 Bb7 12. Bb3 O-O 13. Qe4 Na5 14. Bd5 c6 15.
Bb3 Nxb3 16. axb3 dxe5 17. dxe5 f5 18. Qe2 c5 19. Rd1 Qc8 20. Bf4 Qe6 21. Nbd2
h6 22. h4 Rad8 23. Qe3 Bd5 24. b4 c4 25. Nd4 Qg6 26. N2f3 Bxb4 27. e6 Be4 28.
Rxa6 1-0

[Event "MCR_CF282"]
[Site "?"]
[Date "2003.??.??"]
[Round "?"]
[White "Houdek, Vladimir"]
[Black "Vladyka, Vaclav"]
[Result "1-0"]
[WhiteElo "2183"]
[BlackElo "2053"]
[PlyCount "81"]
[EventDate "2003.??.??"]
[EventType "corr"]
[EventRounds "2"]
[SourceDate "2005.03.12"]

1. e4 c5 2. Nf3 d6 3. Bb5+ Bd7 4. Bxd7+ Qxd7 5. c4 Nc6 6. Nc3 Nf6 7. O-O g6 8.
d4 cxd4 9. Nxd4 Bg7 10. Nde2 O-O 11. f3 Rac8 12. Be3 Rfd8 13. Qd2 b6 14. Rad1
Ne5 15. b3 h5 16. h3 Qb7 17. Bg5 a6 18. a4 Nh7 19. Bh4 Bf6 20. Bf2 e6 21. f4
Nd7 22. Qc2 Qc6 23. Nd4 Qb7 24. f5 gxf5 25. exf5 e5 26. Nf3 Qc6 27. Qd2 Be7 28.
Nd5 Bf8 29. Bh4 Re8 30. f6 Qc5+ 31. Kh2 e4 32. Nd4 Ne5 33. Nf5 Kh8 34. Nfe7 Rb8
35. Rf5 b5 36. Rxh5 Ng6 37. Bf2 Qa3 38. Nxg6+ fxg6 39. Nf4 Re5 40. Nxg6+ Kg8
41. f7+ 1-0

[Event "MCR_CF282"]
[Site "?"]
[Date "2003.??.??"]
[Round "?"]
[White "Kotrc, Michal"]
[Black "Fuka, Miroslav"]
[Result "1-0"]
[WhiteElo "2095"]
[BlackElo "2012"]
[PlyCount "55"]
[EventDate "2003.??.??"]
[EventType "corr"]
[EventRounds "2"]
[SourceDate "2005.03.12"]

1. e4 e5 2. Nf3 Nc6 3. Bb5 a6 4. Ba4 Nf6 5. O-O Be7 6. Re1 b5 7. Bb3 O-O 8. a4
Bb7 9. d3 d6 10. Nbd2 Na5 11. Ba2 c5 12. Nf1 Re8 13. Ne3 h6 14. Bd2 Nc6 15. c3
Qd7 16. Nh4 Bd8 17. Nhf5 Ne7 18. Qf3 Nxf5 19. Nxf5 Kh7 20. Qh3 h5 21. Bg5 g6
22. Qh4 Ng8 23. Bxd8 Rexd8 24. Ne3 bxa4 25. f4 Nh6 26. Rf1 exf4 27. Rxf4 Rg8
28. Ng4 1-0

[Event "MCR_CF282"]
[Site "?"]
[Date "2003.??.??"]
[Round "?"]
[White "Kotrc, Michal"]
[Black "Houdek, Vladimir"]
[Result "1/2-1/2"]
[WhiteElo "2095"]
[BlackElo "2183"]
[PlyCount "64"]
[EventDate "2003.??.??"]
[EventType "corr"]
[EventRounds "2"]
[SourceDate "2005.03.12"]

1. e4 c5 2. Nf3 e6 3. d4 cxd4 4. Nxd4 a6 5. c4 Qc7 6. Be3 Nf6 7. Nc3 Bb4 8. Bd3
Bxc3+ 9. bxc3 d6 10. O-O Nbd7 11. f4 O-O 12. Nb3 e5 13. f5 b5 14. cxb5 axb5 15.
Bxb5 Bb7 16. a4 Bxe4 17. c4 Nc5 18. Nxc5 dxc5 19. Qe2 Rfd8 20. Ra3 h6 21. h3
Bb7 22. Rfa1 Ba6 23. a5 e4 24. Qf2 Qe5 25. Bxc5 Rd3 26. Re1 Rxa3 27. Bxa3 Bxb5
28. Bb2 Qd6 29. cxb5 Rxa5 30. b6 Rb5 31. Bd4 Nd7 32. Qe3 Rd5 1/2-1/2

[Event "MCR_CF282"]
[Site "?"]
[Date "2003.??.??"]
[Round "?"]
[White "Kotrc, Michal"]
[Black "Majstr, Jiri"]
[Result "1-0"]
[WhiteElo "2095"]
[BlackElo "1944"]
[PlyCount "81"]
[EventDate "2003.??.??"]
[EventType "corr"]
[EventRounds "2"]
[SourceDate "2005.03.12"]

1. e4 c5 2. Nf3 Nc6 3. d4 cxd4 4. Nxd4 d5 5. Nxc6 bxc6 6. exd5 Qxd5 7. Nd2 Bf5
8. c4 Qe6+ 9. Qe2 Qxe2+ 10. Bxe2 e5 11. Bf3 Ne7 12. b4 O-O-O 13. O-O Kc7 14.
Nb3 Bd3 15. Re1 Bxc4 16. Rxe5 Bd5 17. Bf4 Kb6 18. Be3+ Kc7 19. Rc1 f6 20. Rh5
g6 21. Rh3 Nf5 22. Bf4+ Kb6 23. g4 g5 24. Bxd5 Rxd5 25. Bd2 Nh6 26. Rhc3 Nxg4
27. Rxc6+ Kb5 28. Rc8 Ne5 29. Kg2 h5 30. Rb8+ Ka4 31. Rcc8 Ng6 32. Rc7 a6 33.
Ra7 Ka3 34. Rxa6+ Kb2 35. b5 Rh7 36. b6 Bd6 37. Rc8 Be5 38. Ra4 Rb5 39. Bc1+
Kb1 40. Nd2+ Ka1 41. Ba3 1-0

[Event "MCR_CF282"]
[Site "?"]
[Date "2003.??.??"]
[Round "?"]
[White "Kotrc, Michal"]
[Black "Mazal, Petr"]
[Result "1-0"]
[WhiteElo "2095"]
[BlackElo "2165"]
[PlyCount "67"]
[EventDate "2003.??.??"]
[EventType "corr"]
[EventRounds "2"]
[SourceDate "2005.03.12"]

1. e4 e5 2. Nf3 Nc6 3. Bb5 f5 4. Nc3 fxe4 5. Nxe4 d5 6. Ng3 Bg4 7. h3 Bxf3 8.
Qxf3 Nf6 9. Nh5 Qd6 10. Nxf6+ gxf6 11. Qh5+ Kd7 12. c3 Rd8 13. O-O a6 14. Be2
Kc8 15. a4 Kb8 16. b4 e4 17. b5 axb5 18. axb5 Ne5 19. Ba3 Qd7 20. Bxf8 Rdxf8
21. Ra4 c5 22. bxc6 Qxc6 23. Rfa1 Kc7 24. Ra7 Qb6 25. R1a6 Qb1+ 26. Kh2 Qb2 27.
Qh6 Rf7 28. Qe3 Nd7 29. Bh5 Re7 30. Bg4 Qb5 31. Qf4+ Ne5 32. Qxf6 Nc6 33. Qf4+
Re5 34. Rxc6+ 1-0

[Event "MCR_CF282"]
[Site "?"]
[Date "2003.??.??"]
[Round "?"]
[White "Kotrc, Michal"]
[Black "Splichal, Josef"]
[Result "1-0"]
[WhiteElo "2095"]
[BlackElo "2217"]
[PlyCount "83"]
[EventDate "2003.??.??"]
[EventType "corr"]
[EventRounds "2"]
[SourceDate "2005.03.12"]

1. e4 e5 2. Nf3 Nc6 3. Bb5 a6 4. Ba4 Nf6 5. O-O Nxe4 6. d4 b5 7. Bb3 d5 8. dxe5
Be6 9. Qe2 Be7 10. Be3 Na5 11. Nd4 O-O 12. Rd1 c5 13. Nxe6 fxe6 14. c3 Nxb3 15.
axb3 Qc7 16. f3 Ng5 17. f4 Nf7 18. Na3 Qc6 19. Nc2 a5 20. Bf2 Nh6 21. g3 a4 22.
b4 c4 23. Nd4 Qd7 24. Qh5 Rf7 25. Rf1 Rff8 26. Rfd1 Rf7 27. Rf1 Re8 28. Ne2
Ref8 29. Kg2 Qc8 30. Qh3 Qd7 31. Nd4 Nf5 32. Nf3 Ra8 33. g4 Nh6 34. Qg3 Rff8
35. Be3 Nf7 36. Nd4 Rae8 37. f5 Nd8 38. Rf3 Qb7 39. Raf1 Qd7 40. Qh3 Nc6 41.
Qh5 Nxd4 42. Rh3 1-0

[Event "MCR_CF282"]
[Site "?"]
[Date "2003.??.??"]
[Round "?"]
[White "Kotrc, Michal"]
[Black "Struzka, Vlastimil"]
[Result "1/2-1/2"]
[WhiteElo "2095"]
[BlackElo "2186"]
[PlyCount "81"]
[EventDate "2003.??.??"]
[EventType "corr"]
[EventRounds "2"]
[SourceDate "2005.03.12"]

1. e4 d6 2. d4 Nf6 3. Nc3 g6 4. g3 Bg7 5. Bg2 Nc6 6. d5 Na5 7. Nge2 Bd7 8. Qd3
c5 9. f4 O-O 10. O-O b5 11. h3 b4 12. Nd1 Rb8 13. c4 bxc3 14. Nexc3 e6 15. dxe6
Bxe6 16. Ne3 Nc6 17. Kh2 Re8 18. Rd1 Nd4 19. b3 Bd7 20. Bb2 Bc6 21. Re1 Rb7 22.
Ned5 Bxd5 23. exd5 Rbe7 24. Rxe7 Qxe7 25. Rf1 h5 26. Qd2 Nf5 27. Bc1 a5 28. Bf3
Nd4 29. Bg2 Kh7 30. Rf2 Qd7 31. Rf1 Qf5 32. Re1 Rxe1 33. Qxe1 Qd3 34. Qe3 Qc2
35. Qd2 Qf5 36. Kg1 Kg8 37. Qd1 Nd7 38. Ne4 Nf6 39. Nc3 Nd7 40. Ne4 Nf6 41. Nc3
1/2-1/2

[Event "MCR_CF282"]
[Site "?"]
[Date "2003.??.??"]
[Round "?"]
[White "Kotrc, Michal"]
[Black "Vladyka, Vaclav"]
[Result "1/2-1/2"]
[WhiteElo "2095"]
[BlackElo "2053"]
[PlyCount "97"]
[EventDate "2003.??.??"]
[EventType "corr"]
[EventRounds "2"]
[SourceDate "2005.03.12"]

1. e4 c5 2. Nf3 d6 3. d4 cxd4 4. Nxd4 Nf6 5. Nc3 a6 6. Bg5 e6 7. f4 Be7 8. Qf3
Qc7 9. O-O-O Nbd7 10. Qg3 h6 11. Bh4 g5 12. fxg5 Nh5 13. Qe3 Qc5 14. Qd2 Bxg5
15. Bxg5 Qxg5 16. Be2 Nhf6 17. Nf3 Qxd2+ 18. Rxd2 Ke7 19. Rhd1 Ne8 20. a4 b6
21. Rd4 Bb7 22. Nd2 e5 23. Rb4 a5 24. Rb3 Rg8 25. g3 Rb8 26. Nc4 Bc6 27. Ne3
Kf8 28. Bb5 Bxb5 29. Rxb5 Nc7 30. Rxd6 Nxb5 31. axb5 Nc5 32. Rxh6 Rg6 33. Rh8+
Rg8 34. Rxg8+ Kxg8 35. Nc4 f6 36. Kd2 Kf7 37. Ke3 Ke6 38. h4 Rg8 39. Kf3 Nd7
40. g4 Rc8 41. b3 Rh8 42. Kg3 Kf7 43. h5 Kg7 44. Nd6 Nc5 45. Nf5+ Kf7 46. Kf3
Ra8 47. Nd5 Nd7 48. Ke3 a4 49. bxa4 1/2-1/2

[Event "MCR_CF282"]
[Site "?"]
[Date "2003.??.??"]
[Round "?"]
[White "Majstr, Jiri"]
[Black "Fuka, Miroslav"]
[Result "1-0"]
[WhiteElo "1944"]
[BlackElo "2012"]
[PlyCount "95"]
[EventDate "2003.??.??"]
[EventType "corr"]
[EventRounds "2"]
[SourceDate "2005.03.12"]

1. d4 Nf6 2. c4 e6 3. Nc3 Bb4 4. Qc2 O-O 5. a3 Bxc3+ 6. Qxc3 b6 7. Bg5 Ba6 8.
e4 Nxe4 9. Bxd8 Nxc3 10. Bxc7 Ne4 11. f3 Nf6 12. Be5 Nc6 13. b4 Ne8 14. Bf4 d6
15. Be3 Ne7 16. Bd3 Nf6 17. b5 Bb7 18. Kd2 a6 19. Bf4 Rfd8 20. bxa6 Bxa6 21.
Ne2 d5 22. Bc7 Rdc8 23. Bxb6 dxc4 24. Be4 Ned5 25. Bc5 Rab8 26. Rhb1 Rb3 27.
Rxb3 cxb3 28. Nc3 Bc4 29. Rb1 h5 30. g3 g5 31. Bd3 Nxc3 32. Kxc3 Bd5 33. a4 Kg7
34. a5 Nd7 35. Be4 Nxc5 36. dxc5 Rxc5+ 37. Kb4 Rc8 38. Bxd5 Rb8+ 39. Kc3 exd5
40. Rxb3 d4+ 41. Kc4 Rd8 42. Ra3 Rd6 43. Kd3 Rd8 44. a6 Kf6 45. a7 Ra8 46. Kxd4
h4 47. Kc5 g4 48. fxg4 1-0

[Event "MCR_CF282"]
[Site "?"]
[Date "2003.??.??"]
[Round "?"]
[White "Majstr, Jiri"]
[Black "Houdek, Vladimir"]
[Result "1/2-1/2"]
[WhiteElo "1944"]
[BlackElo "2183"]
[PlyCount "81"]
[EventDate "2003.??.??"]
[EventType "corr"]
[EventRounds "2"]
[SourceDate "2005.03.12"]

1. d4 d5 2. c4 dxc4 3. e4 e5 4. Nf3 exd4 5. Bxc4 Nc6 6. O-O Be6 7. Bb5 Bc5 8.
Bxc6+ bxc6 9. Qc2 Bb6 10. Qxc6+ Bd7 11. Qc2 Ne7 12. Nbd2 O-O 13. Nc4 Be6 14.
Nce5 c5 15. Ng5 Qc8 16. b3 h6 17. Nxe6 Qxe6 18. Nc4 Rad8 19. f3 Ng6 20. f4 d3
21. Qf2 Qxe4 22. f5 Nh8 23. Qg3 h5 24. Bb2 f6 25. Rae1 Qg4 26. Qf2 h4 27. h3
Qg5 28. Bc1 Qh5 29. a4 Nf7 30. a5 Bc7 31. Qxc5 Bg3 32. Rd1 Rd7 33. Rf3 Rfd8 34.
Bd2 Rd5 35. Qxa7 Rxf5 36. Rdf1 Rxf3 37. Rxf3 Ng5 38. Rf1 Qe2 39. Bxg5 fxg5 40.
Qf7+ Kh7 41. Qf5+ 1/2-1/2

[Event "MCR_CF282"]
[Site "?"]
[Date "2003.??.??"]
[Round "?"]
[White "Majstr, Jiri"]
[Black "Kotrc, Michal"]
[Result "1/2-1/2"]
[WhiteElo "1944"]
[BlackElo "2095"]
[PlyCount "87"]
[EventDate "2003.??.??"]
[EventType "corr"]
[EventRounds "2"]
[SourceDate "2005.03.12"]

1. e4 c6 2. Nf3 d5 3. exd5 cxd5 4. d4 Nf6 5. Bd3 Bg4 6. c3 e6 7. Qa4+ Nc6 8.
Ne5 Qb6 9. Nxg4 Nxg4 10. Nd2 Bd6 11. Qd1 Nf6 12. Nf3 O-O 13. O-O Rfe8 14. Rb1
Qc7 15. Bg5 Ne4 16. Be3 e5 17. dxe5 Nxe5 18. Nxe5 Rxe5 19. Qf3 Re6 20. h3 Rae8
21. Rbe1 a6 22. Qf5 Re5 23. Qf3 b5 24. Rd1 g6 25. Bxe4 dxe4 26. Qg4 f5 27. Qg5
R5e6 28. Rfe1 Bh2+ 29. Kh1 Be5 30. Re2 Qc4 31. Red2 Qxa2 32. Rd7 Bf6 33. Qh6
R6e7 34. R1d5 Bg7 35. Qh4 Rxd7 36. Rxd7 Qe6 37. Ra7 h5 38. Qg5 Rf8 39. Rb7 f4
40. Bd4 Bxd4 41. Qh6 Rd8 42. Qh7+ Kf8 43. cxd4 Qf6 44. Qh6+ 1/2-1/2

[Event "MCR_CF282"]
[Site "?"]
[Date "2003.??.??"]
[Round "?"]
[White "Majstr, Jiri"]
[Black "Mazal, Petr"]
[Result "1-0"]
[WhiteElo "1944"]
[BlackElo "2165"]
[PlyCount "109"]
[EventDate "2003.??.??"]
[EventType "corr"]
[EventRounds "2"]
[SourceDate "2005.03.12"]

1. e4 e5 2. f4 exf4 3. Nf3 g5 4. h4 g4 5. Ne5 Nf6 6. Bc4 d5 7. exd5 Bg7 8. d4
Nxd5 9. O-O Be6 10. Bxd5 Qxd5 11. Nc3 Qd6 12. Ne4 Qb6 13. Bxf4 Nc6 14. Nxc6
Qxc6 15. Ng5 O-O-O 16. c3 Rhe8 17. Bg3 f5 18. Nxe6 Qxe6 19. Qa4 Qd5 20. Qxa7
Re3 21. Bf4 Re2 22. Rf2 Rxf2 23. Kxf2 Bf6 24. Bg3 Qb5 25. Qa3 Re8 26. Re1 Rxe1
27. Kxe1 Bd8 28. Qb3 Qxb3 29. axb3 h5 30. Ke2 Kd7 31. b4 f4 32. Bxf4 Bxh4 33.
b5 c6 34. bxc6+ bxc6 35. Ke3 Ke6 36. Ke4 Be7 37. g3 h4 38. gxh4 Bxh4 39. Be5
Bf2 40. c4 g3 41. d5+ cxd5+ 42. cxd5+ Ke7 43. Kf3 Be1 44. Kg2 Kd7 45. Kf1 Bf2
46. b4 Kc8 47. Kg2 Be1 48. b5 Kb7 49. Bxg3 Ba5 50. Bf2 Bb4 51. Kf3 Kc8 52. Ke4
Kc7 53. b6+ Kb7 54. Ke5 Bd2 55. Ke6 1-0

[Event "MCR_CF282"]
[Site "?"]
[Date "2003.??.??"]
[Round "?"]
[White "Majstr, Jiri"]
[Black "Splichal, Josef"]
[Result "1-0"]
[WhiteElo "1944"]
[BlackElo "2217"]
[PlyCount "83"]
[EventDate "2003.??.??"]
[EventType "corr"]
[EventRounds "2"]
[SourceDate "2005.03.12"]

1. c4 Nf6 2. d4 c5 3. d5 e6 4. Nc3 exd5 5. cxd5 d6 6. e4 g6 7. Nf3 Bg7 8. Be2
O-O 9. O-O Re8 10. Qc2 Bg4 11. Bf4 Qe7 12. h3 Bxf3 13. Bxf3 Nfd7 14. Qb3 b6 15.
Be2 a6 16. Rfe1 b5 17. Bf1 Bd4 18. a4 b4 19. Ne2 Be5 20. a5 Bxf4 21. Nxf4 Qf6
22. Nd3 Ne5 23. Nxe5 Qxe5 24. g3 Nd7 25. Rad1 g5 26. Re3 Nf6 27. Rde1 Kf8 28.
Bc4 Kg8 29. Kg2 g4 30. hxg4 Nxg4 31. R3e2 Qh5 32. Rh1 Qg6 33. Rh4 h5 34. Bd3
Ne5 35. f4 Nxd3 36. Qxd3 f6 37. Qf3 Kg7 38. f5 Qf7 39. Rxh5 Rg8 40. Kf1 Kf8 41.
Reh2 Qg7 42. Rh7 1-0

[Event "MCR_CF282"]
[Site "?"]
[Date "2003.??.??"]
[Round "?"]
[White "Majstr, Jiri"]
[Black "Struzka, Vlastimil"]
[Result "1-0"]
[WhiteElo "1944"]
[BlackElo "2186"]
[PlyCount "73"]
[EventDate "2003.??.??"]
[EventType "corr"]
[EventRounds "2"]
[SourceDate "2005.03.12"]

1. e4 d6 2. d4 Nf6 3. Nc3 g6 4. Nf3 Bg7 5. Be2 O-O 6. O-O c6 7. a4 Na6 8. Bxa6
bxa6 9. Re1 Rb8 10. e5 Nd5 11. Nxd5 cxd5 12. b3 Bf5 13. Bf4 dxe5 14. Bxe5 Bxe5
15. dxe5 Qb6 16. Nd4 Be4 17. a5 Qc5 18. Qd2 Rfc8 19. Re3 f6 20. e6 g5 21. c3
Qd6 22. Rd1 Bg6 23. Qe2 Rc5 24. b4 Rc4 25. Nb3 Rbc8 26. Nc5 R8xc5 27. bxc5 Rxc5
28. Qa2 Kf8 29. Rd4 Bf5 30. h4 h6 31. Rd1 gxh4 32. Qa4 h3 33. Qh4 Kg7 34. Rg3+
Kh7 35. Re1 hxg2 36. Rxg2 Bh3 37. Qxh3 1-0